00485nam a22001692 4500001001100000005001700011008004100028040001500069100003100084245005500115250001300170260003000183300001200213650003300225651005400258852000300312000001205020151217155849.0090127s xx 000 0 eng d aKABUcKABU1 aDickson, F. A.@000016823010aBig game shooting on the Equator /cF. A. Dickson. a1st ed. aLondon :bJ. Lane,c1908. a285 p. 0aHuntingzAfrica.@0000155609 0aAfrica, EastxDescription and travel.@00001486981